Totta vai tarua? - Maantiede #3 - Statistics

Yleistilastot
  • Tätä visaa on pelattu 730 kertaa
  • Keskiarvotulos 12 / 18
Vastaustilastot
Kysymys Vastaus % Oikein
Suurin osa Grönlannista on jääpeitteen alla Totta
93%
Sveitsi on sisämaavaltio Totta
93%
Tansania sijaitsee Afrikan itärannikolla Totta
87%
Caymansaaret on itsenäinen valtio Tarua
85%
Indonesia on väkirikkaampi kuin Vietnam Totta
83%
Turkki kuuluu Natoon Totta
74%
Rio Grande sijaitsee Texasin ja Meksikon välisellä rajalla Totta
66%
Doverin valkoiset kalliot voi joskus nähdä Ranskasta asti Totta
66%
Kaupungin Cannes nimessä olevaa kirjainta s ei äännetä Totta
63%
Krim sijaitsee Kaspianmerellä Tarua
62%
Yhdysvaltain korkein vuori sijaitsee Coloradossa Tarua
61%
Lagos on Nigerian pääkaupunki Tarua
61%
Moskova on väkirikkain kaupunkialue, jonka nimi alkaa kirjaimella M Tarua
58%
Hindi ja urdu ovat erittäin samankaltaisia kieliä Totta
50%
Havaijilla sataa lunta Totta
47%
Yhdysvaltain vienti on arvoltaan suurempi kuin sen tuonti Tarua
38%
Johannesburg on yksi Etelä-Afrikan pääkaupungeista Tarua
34%
Ontario sijaitsee merenrannalla Totta
33%
Ehtoja vastaavia visoja ei löytynyt
Tulosjakauma
Jokaisen tuloksen saaneiden osuus
Persentiili vastausten määrän mukaan
Tuloshistoriasi
Et ole pelannut tätä visaa